The art of public speaking / (Record no. 7022)

MARC details
000 -LEADER
fixed length control field 00931cam a2200169 a 4500
020 ## - INTERNATIONAL STANDARD BOOK NUMBER
ISBN 0070390649 (alk. paper)
050 00 - CALL NUMBER
Classification number PN4121
Item number .L72
100 1# - AUTHOR
Personal name Lucas, Stephen,
245 14 - TITLE
Title The art of public speaking /
Statement of responsibility, etc Stephen E. Lucas.
250 ## - EDITION
Edition statement 6th ed.
260 ## - PUBLICATION INFORMATION
Place of publication Boston, Mass. :
Name of publisher McGraw-Hill,
Year of publication c1998.
300 ## - DESCRIPTION
Number of Pages xxv, 478, 26, 8 p. :
Other physical details ill. ;
Dimensions 24 cm.
500 ## - NOTES
General note includes index
505 ## - FORMATTED CONTENTS NOTE
Table of Content Speaking in public --<br/>Ethics and public speaking --<br/>Listening --<br/>Selecting a topic and a purpose --<br/>Analyzing the audience --<br/>Gathering materials --<br/>Supporting your ideas --<br/>Organizing the body of the speech --<br/>Beginning and ending the speech --<br/>Outlining the speech --<br/>Using language --<br/>Delivery --<br/>Using visual aids --<br/>Speaking to inform --<br/>Speaking to persuade --<br/>Methods of persuasion --<br/>Speaking on special occasions --<br/>Speaking in small groups --<br/>Appendix.
650 #0 - SUBJECTS
Topical Term Public speaking.
942 ## - ADDED ENTRY ELEMENTS (KOHA)
Koha item type Books
Holdings
Withdrawn status Lost status Home library Current library Shelving location Date acquired Full call number Copy number Koha item type Collection code
    Methodist University Library Main Methodist University Library Main General Stacks 09/12/2019 PN4121 .L72 26361 Books  
    Methodist University Library Main Methodist University Library Main General Stacks 09/12/2019 PN4121 .L72 26360 Books  
    Methodist University Library Main Methodist University Library Main General Stacks 09/12/2019 PN4121 .L72 26363 Books  
    Methodist University Library Main Methodist University Library Main General Stacks 09/12/2019 PN4121 .L72 26363 Books  
    Methodist University Library Main Methodist University Library Main General Stacks 09/12/2019 PN4121 .L72 26369 Books Reference
Copyright © 2026  MUG Library